| 000 | 00592nam a2200205Ia 4500 | ||
|---|---|---|---|
| 003 | OSt | ||
| 005 | 20240808104646.0 | ||
| 008 | 210210b1991 xxu||||| |||| 00| 0 eng d | ||
| 040 | _cAL | ||
| 041 | _akan | ||
| 082 | _a338.954K RAMB | ||
| 100 |
_aRAMAN (B S) _9165657 _dಬಿಎಸ್ ರಾಮನ್ |
||
| 245 |
_aBharatada arthika vyavasthe _bಭಾರತದ ಆರ್ಥಿಕ ವ್ಯವಸ್ಥೆ |
||
| 260 |
_aMangaluru _bUnited Pablishars. _c1991 |
||
| 300 | _a555 | ||
| 650 |
_aII year PUC: _9175725 |
||
| 690 |
_aIndian Economics _9165658 |
||
| 906 | _a046172 | ||
| 942 |
_2ddc _cBK |
||
| 999 |
_c95695 _d95695 |
||